| 000 | 01162nam a2200301 i 4500 | ||
|---|---|---|---|
| 001 | 196524 | ||
| 003 | ES-MaACL | ||
| 005 | 20250629045745.0 | ||
| 007 | ta | ||
| 008 | 241004b1974 sp ||||| |||| 00| 0 spa d | ||
| 040 |
_bspa _cES-MaACL _dES-MaACL |
||
| 245 | 0 | 0 |
_a90 Aniversario del nacimiento de León Felipe : _bBosque de Chapultepec, once de abril a las once horas |
| 260 |
_aCiudad de México : _b[Academia Mexicana de la Lengua, _c1974] |
||
| 300 |
_a[6] p. ; _bil. col.; _c30 cm |
||
| 336 |
_2rdacontent _atexto |
||
| 337 |
_2rdamedia _asin mediación |
||
| 338 |
_2rdacarrier _avolumen |
||
| 500 | _aBosque de Chapultepec, once de abril a las once horas | ||
| 600 | 1 | 0 |
_aLeón Felipe, _d1884-1968- _vHomenajes _9236812 |
| 655 | 7 |
_2tgfbne _9226850 _aHomenajes |
|
| 710 | 2 |
_9142787 _aAcademia Mexicana de la Lengua _eclb |
|
| 852 |
_aES-MaACL _cDEPOF _jFOLL-BUE-22 _hLegado: Antonio Buero Vallejo _9204237 |
||
| 903 |
_932421 _aBuero Vallejo, Antonio, _q1 _d1916-2000 _ednr |
||
| 942 |
_n0 _cFOLLETOS |
||
| 999 |
_c196524 _d196524 |
||